000 00618nam a22002293 4500
001 103966
005 20230410103954.0
008 901203s1969 xx 000 0 eng d
035 _a(OCoLC)ocn504621163
040 _aUKMGB
_cUKMGB
016 7 _a004041577
_2Uk
035 _a(OCoLC)504621163
050 1 4 _aC212 m1969
100 1 _aCANAAN FERNANDEZ, Eurídice.
245 1 0 _aLos monstruos sagrados, etc.
260 _aSanto Domingo: Editorial Libreria Dominicana, 1969.
300 _aLibro 1, 2: pp. 197. 22 cm.
500 _aNo more published?.
942 _2lcc
_cbk
946 _aKK
994 _aC0
_bDRFGD
999 _c29484
_d29484